| 000 | 01351nkm a2200385 c 4500 | ||
|---|---|---|---|
| 999 |
_c209254 _d209254 |
||
| 003 | BLK | ||
| 005 | 20200114141350.0 | ||
| 008 | 180412b bul rap|r|||| r0| ||bulo| | ||
| 010 | _aKNG00102939000 | ||
| 020 | _a5-93332-008-0 | ||
| 040 | _aBLK | ||
| 041 |
_aRUS _cRUS |
||
| 080 |
_aЖивопис _b75 _x.036.7(470)(084) _z75.036.7(470)(084) |
||
| 139 |
_aРусский импрессионизм _bР 95 |
||
| 245 | 1 | 0 |
_aРусский импрессионизм _bЖивопись из собр. Рус. музея |
| 257 | _aRUS | ||
| 260 |
_bГос. Рус. музей _c2000 _fИталия : Graficart-Formia |
||
| 300 |
_a384 с. _bс ил. _c33 см |
||
| 380 | _a7 | ||
| 500 | _aОфс. изд. | ||
| 650 | 4 |
_aЖивопис - Русия - албуми _9300096 |
|
| 650 | 4 |
_aИмпресионизъм - Русия _9351835 |
|
| 650 | 4 |
_aИзобразително изкуство - Русия _9278279 |
|
| 651 | 4 |
_aРусия _9179465 |
|
| 653 | _aживопис | ||
| 653 | _aРусия | ||
| 653 | _aизобразително изкуство | ||
| 653 | _aимпресионизъм | ||
| 653 | _aалбуми | ||
| 852 |
_aЦб Гр А ІІ 4163 _bИ |
||
| 856 | 4 |
_qpdf _u |
|
| 856 | 4 |
_qpdf _u |
|
| 942 |
_cGRA _n0 _s1 |
||
| 944 |
_aCR _c01.01.2000 _kИрена_Линкова |
||
| 944 |
_aED _c22.07.2014 |
||
| 999 | _d209254 | ||